England Rugby Coaches - Statistics

General Stats
  • This quiz has been taken 23 times
  • The average score is 6 of 16
Answer Stats
Hint Answer % Correct
2015- Eddie Jones
100%
2008-2011 Martin Johnson
95%
1997-2004 Sir Clive Woodward
90%
2011-2015 Stuart Lancaster
86%
2004-2006 Andy Robinson
48%
2006-2008 Brian Ashton
48%
1994-1997 Jack Rowell
29%
1969-1971 Don White
24%
1988-1994 Geoff Cooke
19%
2008-2008 Rob Andrew
19%
1985-1987 Martin Green
14%
1983-1985 Dick Greenwood
10%
1975-1975 John Burgess
5%
1972-1974 John Elders
5%
1979-1982 Mike Davis
5%
1976-1979 Peter Colston
5%
No matching quizzes found
Score Distribution
Percent of People with Each Score
Percentile by Number Answered
Your Score History
You have not taken this quiz